|
|
|
|
| LEADER |
01107nab#a2200301#ar4500 |
| 001 |
000066721 |
| 003 |
SVKKK |
| 005 |
19971208xxxxxxx. |
| 008 |
06 c xo huno |
| FMT |
|
|
|
| 038 |
|
|
|a SVKKK
|
| 040 |
|
|
|a SVKKK
|b slo
|e AACR2
|
| 041 |
0 |
|
|a hun
|
| 044 |
|
|
|a xo
|c SK
|
| 080 |
|
|
|a 656.2
|
| 242 |
1 |
0 |
|a Povolenie na prípravné železničné práce
|
| 245 |
0 |
0 |
|a Vasuti előmunkálati engedély
|
| 520 |
2 |
|
|a Dr. Ondrejovi (Endre) Institórisovi a jeho spoločníkom bolo udelené povolenie na prípravné práce k výstavbe železnice - úzkokoľajky v smere Rimavská Sobota - Ratková v októbri 1917.
|
| 650 |
0 |
4 |
|a železnice - Gemersko-malohontská župa - Rimavská Sobota-Ratková (trať železničná) - práce prípravné - Institóris, Ondrej (advokát) - október 1917 - povolenie udelené - správa
|
| 773 |
0 |
|
|t Sajó-Vidék : Vegyestartalmú hetilap
|g Roč. 20, č. 43 (25.10.1917) s. 3
|
| 957 |
|
|
|a Gemersko-malohontská župa
|
| 957 |
|
|
|a Rimavská Sobota
|
| 958 |
|
|
|a DG
|
| 958 |
|
|
|a SK
|
| 974 |
|
|
|a ebl
|d 19971208
|
| 992 |
|
|
|a RBX
|
| BAS |
|
|
|
| 998 |
|
|
|a RETRO
|